000 00277nam a22001097a 4500
008 170110b xxu||||| |||| 00| 0 eng d
020 _a9780323046343
041 _aeng
080 _28TH
_a618.2
245 _aDIAGNOSTIC AND LABORATORY TEST REFERENCE
_cPAGANA, K.D
942 _2udc
_cBK
999 _c2674
_d2674